Propuesta de renovación urbano arquitectónica en el asentamiento Santa Ana Sur, distrito III Managua 2009 - 2016
En el presente trabajo tiene como objetivo un diagnóstico a las propuestas de renovación urbano arquitectónica para el mejoramiento de asentamientos de Santa Ana Sur, distrito III de la cuidad de Managua cuyo plazo de ejecución será 2009-2016.
| Main Author: | |
|---|---|
| Other Authors: | |
| Format: | Tesis Section = Libro |
| Language: | Undetermined Spanish |
| Published: |
Managua
UNI
2009
|
| Subjects: |
| LEADER | 01096nam a2200253Ia 4500 | ||
|---|---|---|---|
| 008 | 240830s9999 xx 000 0 und d | ||
| 040 | |a BIBLIOTECA-RUSB/ Mon 711.4 A283 | ||
| 041 | |a spa | ||
| 082 | |a Mon 711.4 A283 | ||
| 100 | 1 | |a Aguilar Arriola, Ana José | |
| 245 | 1 | 0 | |a Propuesta de renovación urbano arquitectónica en el asentamiento Santa Ana Sur, distrito III Managua 2009 - 2016 |
| 260 | |a Managua |b UNI |c 2009 | ||
| 300 | |a 176 p. :il. | ||
| 500 | |a Contiene: anexos. | ||
| 502 | |a Tesis (Arquitecto) - UNI, 2009. | ||
| 520 | 3 | |a En el presente trabajo tiene como objetivo un diagnóstico a las propuestas de renovación urbano arquitectónica para el mejoramiento de asentamientos de Santa Ana Sur, distrito III de la cuidad de Managua cuyo plazo de ejecución será 2009-2016. | |
| 650 | 7 | |a URBANISMO - CONTROL DEL ESPACIO | |
| 650 | 7 | |b PLANIFICACIÓN URBANA | |
| 650 | 7 | |c ARQUITECTURA - DISEÑOS Y PLANOS | |
| 650 | 7 | |d URBANISMO ELABORACIÓN DE PROYECTOS | |
| 700 | 1 | |a Tutor: |b Hernández Hidalgo, Heimdall Verónica | |
| 942 | |c BK |2 ddc | ||
| 991 | |a TESIS | ||
| 999 | |c 20869 | ||